000 00200nam a2200097Ia 4500
008 240331s9999 xx 000 0 und d
082 _bRAA
100 _aRaamaamiriutam,L
245 0 _aApitaa
942 _cL
999 _c5416
_d5416